Rozvoj regionálneho školstva v reakcii na potreby súčasnej spoločnosti diplomová práca

Salvato in:
Dettagli Bibliografici
Autore principale: Brajová, Tamara
Ente Autore: Národohospodárska fakulta EU. Katedra sociálneho rozvoja a práce
Altri autori: Polonyová, Simona, 1985-
Natura: Libro
Lingua:slovacco
Pubblicazione: Bratislava 2025
Tags: Aggiungi Tag
Nessun Tag, puoi essere il primo ad aggiungerne!!

MARC

LEADER 00000nbm a2200000 4500
001 0309283
005 20260206102029.5
041 0 |a slo 
044 |a SK 
245 1 0 |a Rozvoj regionálneho školstva v reakcii na potreby súčasnej spoločnosti  |b diplomová práca  |c Tamara Brajová ; školiteľ: Simona Polonyová 
264 1 |a Bratislava  |c 2025 
300 |a 62 s. 
100 1 |a Brajová, Tamara 
700 1 |a Polonyová, Simona, 1985- 
710 2 |a Národohospodárska fakulta EU. Katedra sociálneho rozvoja a práce